000 01449nam a2200313 a 4500
001 ebr10567295
003 CaPaEBR
006 m u
007 cr cn|||||||||
008 120611s2007 enkc sb 011 0deng d
020 _z9781847600066 (e-book)
040 _aCaPaEBR
_cCaPaEBR
035 _a(OCoLC)743226431
050 1 4 _aPR4484
_b.C65 2007eb
245 0 4 _aThe Coleridge connection
_h[electronic resource] :
_bessays for Thomas McFarland /
_cedited by Richard Gravil and Molly Lefebure.
260 _aTirril [England] :
_bHumanities-Ebooks,
_c2007.
300 _a319 p. :
_bport.
500 _a"First published in 1990 by Macmillan."
504 _aIncludes bibliographical references and index.
505 0 _apt. 1. The sometimes Jacobin? -- pt. 2. Friend and ventriloquist -- pt. 3. The German connection -- pt. 4. The American connection -- pt. 5. Sage and evangelist.
533 _aElectronic reproduction.
_bPalo Alto, Calif. :
_cebrary,
_d2011.
_nAvailable via World Wide Web.
_nAccess may be limited to ebrary affiliated libraries.
600 1 0 _aColeridge, Samuel Taylor,
_d1772-1834
_xCriticism and interpretation.
655 7 _aElectronic books.
_2local
700 1 _aMcFarland, Thomas,
_d1926-
700 1 _aGravil, Richard.
700 1 _aLefebure, Molly.
710 2 _aebrary, Inc.
856 4 0 _uhttp://site.ebrary.com/lib/rucke/Doc?id=10567295
_zAn electronic book accessible through the World Wide Web; click to view
999 _c93286
_d93286